Catálogo público

Asia (Record no. 95641)

MARC details
000 -CABECERA
campo de control de longitud fija 01740ng a2200217 4500
005 - FECHA Y HORA DE LA ÚLTIMA TRANSACCIÓN
campo de control 20220329143353.0
007 - CAMPO FIJO DE DESCRIPCIÓN FÍSICA--INFORMACIÓN GENERAL
campo de control de longitud fija go ae f
008 - DATOS DE LONGITUD FIJA--INFORMACIÓN GENERAL
campo de control de longitud fija 090113 1983us 0 ueng
010 ## - NÚMERO DE CONTROL DE LA BIBLIOTECA DEL CONGRESO
Número de control de LC 95641
011 ## - ENLACE DEL NUMERO DE CONTROL DE LA BIBLIOTECA DEL CONGRESO [OBSOLETO]
Número de control de LC 96613
035 ## - NÚMERO DE CONTROL DEL SISTEMA
Número de control de sistema 107267
245 00 - MENCIÓN DE TÍTULO
Título Asia
Medio [micropelícula] :
Resto del título special studies, 1980-1982. Supplement /
Mención de responsabilidad, etc. [edited by Robert Lester]
260 0# - PUBLICACIÓN, DISTRIBUCIÓN, ETC.
Lugar de publicación, distribución, etc. Frederick, Md. :
Nombre del editor, distribuidor, etc. University Publications of America,
Fecha de publicación, distribución, etc. c1983
300 ## - DESCRIPCIÓN FÍSICA
Extensión 5 microfilm reels ;
Dimensiones 35 mm
500 ## - NOTA GENERAL
Nota general Acompañada por una guía impresa que se encuentra en el rollo final
520 ## - SUMARIO, ETC.
Sumario, etc. "NOTE: This collection is a supplement to the title <U+2019>Japan, Korea, and the security of Asia : special studies, 1970-1980<U+2019>. (Microfilm 86/213. LCCN: 86893446). Consists of studies contracted for by the White House and other federal agencies. Typically the studies were carried out by academic staff and members of think tanks, particularly those specializing in U.S. foreign relations and the internal conditions of various strategically significant countries. Sample titles include, <U+2019>The Soviet Far East Buildup and Soviet Risk-Taking against China<U+2019> (Rand Corp., 1982); <U+2019>Japan Resource Dependence<U+2019> (Naval Postgraduate School, 1982); <U+2019>Congressional Presentation Fiscal Year 1984. Annex II: Asia<U+2019> (1983, U.S. AID); <U+2019>Sixty Days to Peace. Implementing the Paris Peace Accords, Vietnam 1973<U+2019> (National Defense University, 1982)"--The Library of Congress Guide to the Microform Collections in the Humanities and Social Sciences Division, online version.
590 ## - NOTA LOCAL (RLIN)
Nota local BATCH-UPD
Procedencia (VM) [OBSOLETO] 10
Condición del los carretes individuales (VM) [OBSOLETO] 20130110
-- UCH01
-- 0621
590 ## - NOTA LOCAL (RLIN)
Nota local CONVERSION
Procedencia (VM) [OBSOLETO] 10
Condición del los carretes individuales (VM) [OBSOLETO] 20130109
-- UCH01
-- 1353
700 1# - PUNTO DE ACCESO ADICIONAL--NOMBRE DE PERSONA
Nombre de persona Lester, Robert.
9 (RLIN) 66361
901 ## - ELEMENTOS DE DATOS A LOCAL LDA (RLIN)
a VM

No items available.